000 00300nam a22001337a 4500
003 SGT
082 _a615.1
_bKUM
100 _aKUMAR, DILIP
245 _aA TEXTBOOK OF INDUSTRIAL PHARMACY-I
260 _aINDIA
_bBIRLA PUB.
_c2024
300 _a64
650 _aINDUSTRIAL PHARMACY
942 _2ddc
_cBK
999 _c33050
_d33050